2019-2020 Houston Texans Current Roster - Statistics

General Stats
  • This quiz has been taken 109 times
    106 since last reset
  • The average score is 13 of 37
Answer Stats
Hint Answer % Correct
QB Deshuan Watson
98%
WR DeAndre Hopkins
88%
DE JJ Watt
76%
CB Lonnie Johnson Jr.
66%
WR Will Fuller
65%
RB Lamar Miller
62%
OL Laremy Tunsil
59%
Coach Bill O'Brien
53%
SS Justin Reid
52%
WR Kenny Stills
47%
RB Carlos Hyde
45%
QB AJ McCarron
42%
WR Keke Coutee
42%
LB Zach Cunningham
41%
LB Benardrick McKinney
37%
CB Bradley Roby
37%
CB Johnathan Joseph
37%
LB Whitney Mercilus
37%
DE DJ Reader
34%
K Ka'imi Fairbairn
34%
TE Jordan Thomas
26%
OL Nick Martin
26%
LS Jon Weeks
24%
WR DeAndre Carter
17%
OL Max Scharping
16%
QB Joe Webb
15%
FS Tashaun Gipson
13%
OL Zach Fulton
12%
RB D'Onta Foreman
9%
TE Ryan Griffin
9%
DT Brandon Dunn
8%
TE Kahale Warring
8%
P Trevor Daniel
8%
CB Aaron Colvin
7%
LB Barkevious Mingo
7%
OL Senio Kelemete
7%
CB Briean Boddy-Calhoun
3%
No matching quizzes found
Score Distribution
Percent of People with Each Score
Percentile by Number Answered
Your Score History
You have not taken this quiz since the last reset